|
|
|
|
| LEADER |
00000cam a22000004a 4500 |
| 001 |
musev2_8403 |
| 003 |
MdBmJHUP |
| 005 |
20230905040942.0 |
| 006 |
m o d |
| 007 |
cr||||||||nn|n |
| 008 |
030910s2004 hiu o 00 0 eng d |
| 010 |
|
|
|z 2003020075
|
| 020 |
|
|
|a 9780824865054
|
| 020 |
|
|
|z 9780824827359
|
| 020 |
|
|
|z 0824865057
|
| 035 |
|
|
|a (OCoLC)777469249
|
| 040 |
|
|
|a MdBmJHUP
|c MdBmJHUP
|
| 041 |
1 |
|
|a eng
|h jpn
|
| 050 |
0 |
4 |
|a B5244.K844
|b N3713 2004
|
| 082 |
0 |
|
|a 181/.12
|2 22
|
| 100 |
1 |
|
|a Nara, Hiroshi,
|d 1951-
|
| 240 |
1 |
0 |
|a Iki no kōzō.
|l English
|
| 245 |
1 |
4 |
|a The Structure of Detachment :
|b The Aesthetic Vision of Kuki Shuzo /
|c Hiroshi Nara ; with essays by J. Thomas Rimer and Jon Mark Mikkelsen.
|
| 264 |
|
1 |
|a Honolulu :
|b University of Hawaii Press,
|c 2004.
|
| 264 |
|
3 |
|a Baltimore, Md. :
|b Project MUSE,
|c 2012
|
| 264 |
|
4 |
|c ©2004.
|
| 300 |
|
|
|a 1 online resource.
|
| 336 |
|
|
|a text
|b txt
|2 rdacontent
|
| 337 |
|
|
|a computer
|b c
|2 rdamedia
|
| 338 |
|
|
|a online resource
|b cr
|2 rdacarrier
|
| 504 |
|
|
|a Includes bibliographical references and indexes.
|
| 505 |
0 |
|
|a Part I: Translation -- Introduction -- The intensional structure of Iki -- The extensional structure of Iki -- Natural expressions of Iki -- Artistic expressions of Iki -- Conclusion -- Part II : Essays -- Capturing shudders and palpitations : Kukis quest for a philosophy of life / Hiroshi Nara -- Literary stances : the structure of Iki / J. Thomas Rimer -- Reading Kuki Shzs : the structure of Iki in the shadow of Laffaire Heidegger / J. Mark Mikkelsen.
|
| 588 |
|
|
|a Description based on print version record.
|
| 600 |
1 |
0 |
|a Kuki, Shūzō,
|d 1888-1941.
|
| 655 |
|
7 |
|a Electronic books.
|2 local
|
| 710 |
2 |
|
|a Project Muse.
|e distributor
|
| 830 |
|
0 |
|a Book collections on Project MUSE.
|
| 856 |
4 |
0 |
|z Texto completo
|u https://projectmuse.uam.elogim.com/book/8403/
|
| 945 |
|
|
|a Project MUSE - Custom Collection
|
| 945 |
|
|
|a Project MUSE - Archive Complete Foundation
|
| 945 |
|
|
|a Project MUSE - Archive Philosophy and Religion Foundation
|
| 945 |
|
|
|a Project MUSE - Archive Asian and Pacific Studies Foundation
|